<?xml version="1.0" encoding="UTF-8"?><?xml-stylesheet type="text/xsl" href="static/style.xsl"?><OAI-PMH xmlns="http://www.openarchives.org/OAI/2.0/" xmlns:xsi="http://www.w3.org/2001/XMLSchema-instance" xsi:schemaLocation="http://www.openarchives.org/OAI/2.0/ http://www.openarchives.org/OAI/2.0/OAI-PMH.xsd"><responseDate>2026-04-17T08:02:08Z</responseDate><request verb="GetRecord" identifier="oai:www.recercat.cat:2072/422498" metadataPrefix="marc">https://recercat.cat/oai/request</request><GetRecord><record><header><identifier>oai:recercat.cat:2072/422498</identifier><datestamp>2025-04-13T20:12:00Z</datestamp><setSpec>com_2072_98</setSpec><setSpec>col_2072_378196</setSpec></header><metadata><record xmlns="http://www.loc.gov/MARC21/slim" xmlns:dcterms="http://purl.org/dc/terms/" xmlns:xsi="http://www.w3.org/2001/XMLSchema-instance" xmlns:doc="http://www.lyncode.com/xoai" xsi:schemaLocation="http://www.loc.gov/MARC21/slim http://www.loc.gov/standards/marcxml/schema/MARC21slim.xsd">
   <leader>00925njm 22002777a 4500</leader>
   <datafield ind2=" " ind1=" " tag="042">
      <subfield code="a">dc</subfield>
   </datafield>
   <datafield ind2=" " ind1=" " tag="720">
      <subfield code="a">Bergadà Bofill, Francesc</subfield>
      <subfield code="e">author</subfield>
   </datafield>
   <datafield ind2=" " ind1=" " tag="720">
      <subfield code="a">Universitat Autònoma de Barcelona. Facultat de Filosofia i Lletres</subfield>
      <subfield code="e">author</subfield>
   </datafield>
   <datafield ind2=" " ind1=" " tag="260">
      <subfield code="c">2019</subfield>
   </datafield>
   <datafield ind2=" " ind1=" " tag="520">
      <subfield code="a">Aquest treball té per objecte la implementació d'un Sistema d'Informació Geogràfica per a la gestió, consulta i visualització de les estacions meteorològiques de Catalunya. El sistema d'informació és basa en una arquitectura de tres nivells funcionals: el primer nivell és el de les dades, on s'emmagatzema la informació temàtica i geomètrica de les entitats que conformen el SIG; al segon nivell s'hi processen les dades i es tracten per estructurar-les de manera homogènia i, el tercer nivell és el d'interacció amb l'usuari mitjançant l'aplicació web. Aquest projecte s'ha desenvolupat utilitzant íntegrament software open source, amb l'objectiu d'implementar un SIG amb el menor cost possible.</subfield>
   </datafield>
   <datafield ind2=" " ind1=" " tag="520">
      <subfield code="a">Este trabajo tiene por objeto la implementación de un Sistema de Información Geográfica para la gestión, consulta y visualización de las estaciones meteorológicas de Catalunya. El sistema de información se basa en una arquitectura de tres niveles funcionales: el primer nivel es el de los datos, donde se almacena la información temática y geométrica de las entidades que componen el SIG; en el segundo nivel se procesan los datos y se tratan para estructurarlos de manera homogénea y el tercer nivel es el de interacción con el usuario mediante la aplicación web. Este proyecto se ha desarrollado utilizando íntegramente software open source, con el objetivo de implementar un SIG con el menor coste posible.</subfield>
   </datafield>
   <datafield ind2=" " ind1=" " tag="520">
      <subfield code="a">This work has for object the implementation of a Geographic Information System for the management, query and visualization the meteorological stations of Catalunya. The geographical information system was based on architecture of three functional levels: the first level is the one of the data, where stores the thematic and geometrical information of the entities that form the GIS; in the second level They are processed the data and treat to structure them of uniform way and the third level is the of interaction with the user by means of the application web. This project has been developed using entirely open source software, with the aim of implementing a GIS with the lowest possible cost.</subfield>
   </datafield>
   <datafield tag="653" ind2=" " ind1=" ">
      <subfield code="a">Sistemes d'informació geogràfica</subfield>
   </datafield>
   <datafield tag="653" ind2=" " ind1=" ">
      <subfield code="a">Dades geoespacials</subfield>
   </datafield>
   <datafield tag="653" ind2=" " ind1=" ">
      <subfield code="a">Geolocalització, Serveis de</subfield>
   </datafield>
   <datafield tag="653" ind2=" " ind1=" ">
      <subfield code="a">Estacions meteorològiques</subfield>
   </datafield>
   <datafield tag="653" ind2=" " ind1=" ">
      <subfield code="a">Observatoris -- Catalunya</subfield>
   </datafield>
   <datafield tag="653" ind2=" " ind1=" ">
      <subfield code="a">Geografia -- Processament de dades</subfield>
   </datafield>
   <datafield tag="653" ind2=" " ind1=" ">
      <subfield code="a">Programari lliure</subfield>
   </datafield>
   <datafield tag="653" ind2=" " ind1=" ">
      <subfield code="a">Programari d'aplicació -- Desenvolupament</subfield>
   </datafield>
   <datafield ind2="0" ind1="0" tag="245">
      <subfield code="a">Sistema d'informació geogràfica per a la gestió, consulta i visualització de les estacions meteorològiques de Catalunya</subfield>
   </datafield>
</record></metadata></record></GetRecord></OAI-PMH>